000 00649nam a2200205 4500
999 _c6113
_d6113
005 20180918110326.0
008 020527s1989 ph engQU
020 _a9711003503
245 1 0 _aCommunicating cross-culturally : towards a new context for missions in the Philippines /
_cedited by Melba P. Maggay
260 _aQuezon City :
_bNew Day,
_cc1989.
300 _a61 p. ;
_c22 cm.
336 _atext
337 _aunmediated
338 _avolume
650 4 _aMissions
_xCross cultural.
650 4 _aCommunication
_xReligious aspects
_xChristianity.
651 4 _aMissions
_zPhilippines.
700 1 _aMaggay, Melba P.
942 _2lcc
_cBK